000 04336cam a22003978i 4500
999 _c79515
_d316792
001 21154083
003 OSt
005 20210306165146.0
008 190826s2021 pau b 001 0 eng
010 _a 2019037497
020 _a9781975121327
_q(hardcover)
040 _aDNLM/DLC
_beng
_erda
_cDLC
042 _apcc
050 0 0 _aRM701
060 1 0 _aWB 460
082 0 0 _a615.82
_223
_bKKT
100 1 _aKnight, Kenneth L.
_eauthor.
_988704
245 1 0 _aTherapeutic modalities :
_bthe art and science /
_cDavid O. Draper, Lisa S. Jutte, Kenneth L. Knight.
250 _aThird edition.
263 _a1912
264 1 _aPhiladelphia :
_bWolters Kluwer,
_c[2021]
300 _apages cm
500 _aKenneth L. Knight was the first named author on the previous edition.
504 _aIncludes bibliographical references and index.
505 0 _aTHERAPEUTIC MODALITIES : WHAT THEY ARE AND WHY THEY ARE USED -- EVIDENCE-BASED PRACTICE -- GENERAL APPLICATION PROCEDURES -- INJURY RECORD KEEPING -- TISSUE RESPONSE TO INJURY : INFLAMMATION, SWELLING AND EDEMA -- IMMEDIATE CARE OF ACUTE AND ORTHOPEDIC INJURIES -- THE HEALING PROCESS -- UNDERSTANDING PAIN AND ITS RELATIONSHIP TO INJURY -- RELIEVING ORTHOPEDIC INJURY PAIN -- PRINCIPLES OF HEAT FOR THERMOTHERAPY -- SUPERFICIAL THERMOTHERAPY APPLICATION -- CRYOTHERAPY BEYOND IMMEDIATE CARE -- CRYOTHERAPY APPLICATION FOR POST-IMMEDIATE CARE -- THERAPEUTIC ULTRASOUND -- DIATHERMY -- PRINCIPLES OF ELECTRICITY FOR ELECTROTHERAPY -- APPLICATION PROCEDURES : ELECTROTHERAPY -- THERAPEUTIC SPORTS MASSAGE -- SPINAL TRACTION -- POSITIONAL RELEASE THERAPY -- PHOTOBIOMODULATION (LASER AND LIGHT THERAPY) -- NITROGEN VAPOR CRYOTHERAPY -- BIO-ELECTRO-MAGNETIC-ENERGY-REGULATION (BEMER) -- DIFFERENTIAL APPLICATION OF THERAPEUTIC MODALITIES -- CASE STUDIES USING THERAPEUTIC MODALITIES.
520 _a"Knight and Draper's Therapeutic Modalities is the modalities text that combines both evidence-based medicine with anecdotal tradition and experience - hence the Art and Science. While Draper and Knight are widely known and respected researchers (commonly referred to as Dr. Cold and Dr. Heat, respectively to indicate they modality they research) they acknowledge there are often instances where there is simply not enough research to base use on scientific fact. In those cases practitioners are required to rely on experience and tradition. Beyond the Art and Science elements, what makes this book unique is how it applicable beyond the Athletic Training market. The market leader, Starkey/Therapeutic Modalities (FA Davis) sells only into the AT market. However, like Clarkson's Musculoskeletal Assessment, Draper and Knight also sells into PT and OT markets (one of the Amazon reviewers is a PT student). This is possible because the book introduces the most common therapeutic modalities used by all rehab specialists - athletic trainers, physical therapists, chiropractors and occupational therapists - not just athletic trainers. The foundational chapters lay the groundwork for using therapeutic modalities, specifically Evidence-based practice, Inflammation, swelling and edema, the healing process and understanding pain across all rehab specialties. Same goes for the modalities found in the treatment section of the book. Nitrogen vapor cryotherapy, BEMER, and Positional Release Therapy are not AT-specific therapies and are not found in any of the AT-only texts. Throughout the text the authors utilize a pedagogy that supports a kinesthetic learning style. Strategy was implemented because the core rehabs disciplines attract those type of kinesthetic (hands-on) learners. Thus we include several case studies and hands-on, step-by-step chapters and labs to cover the kinesthetic learners. For example, after each chapter on a modality (or several modalities) there is a section that illustrates that step-by-step procedure for using the modality"--
650 1 2 _aPhysical Therapy Modalities
_988705
650 2 2 _aOrthopedic Procedures
_xmethods
_956096
650 2 2 _aHyperthermia, Induced
_xmethods
_988706
650 2 2 _aElectric Stimulation Therapy
_938248
700 1 _aDraper, David O.,
_eauthor.
_988707
700 1 _aJutte, Lisa S.,
_eauthor.
_988708
906 _a7
_bcbc
_corignew
_d1
_eecip
_f20
_gy-gencatlg
942 _2ddc
_cBOOK